| 000 | 00634nam a2200205 4500 | ||
|---|---|---|---|
| 001 | 121746 | ||
| 003 | ES-MaACL | ||
| 005 | 20230906191820.0 | ||
| 007 | t| | ||
| 008 | 070214s1966 sp r ||||1| spa d | ||
| 080 | _a613.95(02) | ||
| 100 | 1 |
_aPlaza Montero, Joaquín. _992631 |
|
| 245 | 1 | 0 |
_aPuericultura / _cpor el doctor Joaquín Plaza Montero ; prólogo del profesor Manuel Cruz. |
| 250 | _a1ª ed. | ||
| 260 |
_aBarcelona : _bJims, _c1966. |
||
| 300 |
_aXXVII, 714 p., 36 lám. : _bil. ; _c23 cm. |
||
| 650 | 4 |
_aNiños- _xSalud e higiene. _915557 |
|
| 700 | 1 |
_aCruz Hernández, Manuel. _941829 |
|
| 852 |
_aES-MaACL _jC-31069 |
||
| 999 |
_c121746 _d121746 |
||